| 000 | 00727nac a22002171u 4500 | ||
|---|---|---|---|
| 020 | _a0713107456 | ||
| 082 |
_a372.35044 _bHAY |
||
| 090 |
_c5945 _d5945 |
||
| 100 | _a20080729 | ||
| 245 |
_aStarting primary science / _c edited by Megan Hayes. |
||
| 260 |
_aLondon : _b Edward Arnold, 1982. _c1982 |
||
| 300 |
_aix,112p. : _b ill. ; _c22cm. |
||
| 440 | _aTeaching matters | ||
| 500 | _adistributer: Al-Ahram | ||
| 511 | _acatalogued by: wessam | ||
| 650 |
_aScience _x Study and teaching _zUnited states |
||
| 650 |
_aScience _x Study and teaching (Elementary) |
||
| 650 |
_aScience _x Study and teaching (primary) |
||
| 700 | _aHayes, Megan. | ||
| 942 |
_cBB _k372.35044HAY |
||
| 999 |
_c5945 _d5945 |
||